000 00256nam a2200121Ia 4500
100 _aLaw & Judiciary Dept
650 _aGeneral
942 _cBK
654 _aTax Act
245 _aBombay Sales Tax Act
260 _bGovt
_aBombay
_c1975
546 _aENGLISH
999 _c31417
_d31417